Kapitál Kritika politickej ekonómie

Na minha lista:
Detalhes bibliográficos
Autor principal: Marx, Karl
Formato: Livro
Idioma:eslovaco
Publicado em: Bratislava Pravda 1985
Edição:3. vyd.
Tags: Adicionar Tag
Sem tags, seja o primeiro a adicionar uma tag!

MARC

LEADER 00000nam a2200000 4500
001 c024573
005 20251104114333.9
041 0 |a slo 
044 |a SK 
245 1 0 |a Kapitál  |b Kritika politickej ekonómie  |c Karl Marx ; [Z nem. prel.] Dušan Plachtinský 
250 |a 3. vyd. 
264 1 |a Bratislava  |b Pravda  |c 1985 
300 |a 2 zv. 
100 1 |a Marx, Karl